[Event "Tournament  Mega Chess"]
[Site "SchemingMind.com"]
[Date "2007.10.10"]
[Round "-"]
[White "Dr_Pat"]
[Black "ctrl-reset"]
[Result "0-1"]
[WhiteCountry "USA"]
[BlackCountry "MAS"]
[WhiteElo "1566"]
[WhiteRD "47"]
[BlackElo "1495"]
[BlackRD "155"]
[GameID "124102"]

1. d4 d5 2. c4 e6 3. Nc3 Nf6 4. Nf3 Nc6 5. e3 Bb4 6. Bd3 O-O 7. O-O Bd6 8. c5 Be7 9. Re1 Re8 10. Qc2 Nb4
11. Qb3 Nxd3
0-1

[Event "Tournament  Mega Chess"]
[Site "SchemingMind.com"]
[Date "2007.10.13"]
[Round "-"]
[White "Lazaro"]
[Black "ctrl-reset"]
[Result "1-0"]
[WhiteCountry "CUB"]
[BlackCountry "MAS"]
[WhiteElo "1856"]
[WhiteRD "56"]
[BlackElo "1507"]
[BlackRD "97"]
[GameID "124104"]

1. e4 e5 2. Nf3 Nc6 3. Bc4 Nf6 4. Ng5 d5 5. exd5 Nxd5 6. Nxf7 Kxf7 7. Qf3+ Qf6 8. Bxd5+ Be6 9. Bxc6 bxc6 10. Qxc6 Rd8
11. Qxc7+ Be7 12. O-O
1-0

[Event "Tournament  Mega Chess"]
[Site "SchemingMind.com"]
[Date "2007.10.11"]
[Round "-"]
[White "Archon"]
[Black "ctrl-reset"]
[Result "0-1"]
[WhiteCountry "CAN"]
[BlackCountry "MAS"]
[WhiteElo "1753"]
[WhiteRD "50"]
[BlackElo "1674"]
[BlackRD "131"]
[GameID "124105"]

1. Nf3 d5 2. c4 Nf6 3. g3 Nc6 4. Bg2 e5 5. cxd5 Nxd5 6. Nc3 Be7 7. d3 O-O 8. O-O b6 9. Nd2 Be6 10. Nf3 f5
11. Ne1 f4 12. Nxd5 Bxd5 13. Bxd5+ Qxd5 14. Nf3 Nd4 15. Nxd4 Qxd4 16. Qb3+ Kh8 17. Qc4 fxg3 18. hxg3 Qd6 19. Be3 Rac8 20. Qe4 Qe6
21. Kg2 Rcd8 22. Rh1 h6 23. Rh3 Bc5 24. Rah1 Bxe3 25. Qxe3 Rf6 26. b3 Rdf8 27. Rf1 c5 28. Rh5 Qd5+ 29. Kg1 a5 30. Qxe5 Qd7
31. Qe3 Re6 32. Qd2 Qf7 33. Kg2 Qxh5
0-1

[Event "Tournament  Mega Chess"]
[Site "SchemingMind.com"]
[Date "2007.10.11"]
[Round "-"]
[White "ekulrac"]
[Black "ctrl-reset"]
[Result "1-0"]
[WhiteCountry "SCO"]
[BlackCountry "MAS"]
[WhiteElo "1670"]
[WhiteRD "56"]
[BlackElo "1495"]
[BlackRD "155"]
[GameID "124106"]

1. e4 e5 2. Nf3 Nc6 3. Bb5 d6 4. Bxc6+ bxc6 5. O-O Nf6 6. Re1 Be7 7. d4 Bg4 8. c3 Rb8 9. Nbd2 O-O 10. Qa4 c5
11. d5 Rb7 12. b4 Nh5 13. b5 Nf4 14. Qc4 f5 15. Nxe5 dxe5 16. d6+ Kh8 17. dxe7 Qxe7 18. exf5 Bxf5 19. Qxf4 Rxb5 20. Qxe5 Qxe5
21. Rxe5 h6 22. a4 Rb6 23. Ba3 g6 24. Bxc5 Rbf6 25. Bxf8 Rxf8 26. Rae1 h5 27. Re8 Kg7 28. Rxf8 Kxf8 29. a5 a6 30. Re5 Kf7
31. Rc5
1-0

[Event "Tournament  Mega Chess"]
[Site "SchemingMind.com"]
[Date "2007.10.10"]
[Round "-"]
[White "piersja"]
[Black "ctrl-reset"]
[Result "0-1"]
[WhiteCountry "GBR"]
[BlackCountry "MAS"]
[WhiteElo "1348"]
[WhiteRD "95"]
[BlackElo "1507"]
[BlackRD "97"]
[GameID "124107"]

1. e4 e5 2. Nc3 Nf6 3. Nf3 Nc6 4. a3 Be7 5. Bc4 O-O 6. O-O a6 7. d3 d6 8. Nd5 Bg4 9. Bg5 Nxd5 10. exd5 Nd4
11. h3 Bxf3 12. gxf3 Bxg5 13. f4 Bxf4 14. b4 Qg5+ 15. Qg4 Qxg4+ 16. hxg4 Nxc2 17. Ra2 b5 18. Rxc2 bxc4 19. Rxc4 Ra7 20. a4 f5
0-1

[Event "Tournament  Mega Chess"]
[Site "SchemingMind.com"]
[Date "2007.10.10"]
[Round "-"]
[White "Zugzwang"]
[Black "Dr_Pat"]
[Result "1-0"]
[WhiteCountry "CAN"]
[BlackCountry "USA"]
[WhiteElo "1416"]
[WhiteRD "62"]
[BlackElo "1497"]
[BlackRD "44"]
[GameID "124126"]

1. d4 Nf6 2. Nf3 d5 3. e3 Nc6 4. Bd3 Bg4 5. c4 e6 6. Qb3 Bxf3 7. gxf3 Bd6 8. cxd5 exd5 9. Qxb7 Nb4 10. Bb5+ Nd7
11. Ba4 Nd3+ 12. Ke2 Nb4 13. a3 Rb8 14. Qxa7 Ra8 15. Bxd7+ Kxd7 16. axb4 Rxa7 17. Rxa7 Qb8 18. Ra4 Bxb4 19. Ra1 Qb5+ 20. Kd1 Rc8
21. Bd2 Bxd2 22. Nxd2 Qxb2 23. Rb1 Qa2 24. Ke2 Qa6+ 25. Ke1 Ra8 26. Nb3 Qc4 27. Nd2 Qd3 28. Rg1 Ra2 29. Rd1 g6 30. Rg5 c6
31. f4
1-0

[Event "Tournament  Mega Chess"]
[Site "SchemingMind.com"]
[Date "2007.10.11"]
[Round "-"]
[White "Zugzwang"]
[Black "Negrito19"]
[Result "0-1"]
[WhiteCountry "CAN"]
[BlackCountry "ARG"]
[WhiteElo "1416"]
[WhiteRD "62"]
[BlackElo "1655"]
[BlackRD "64"]
[GameID "124127"]

1. d4 d5 2. Nf3 Nc6 3. e3 Bg4 4. c4 Nf6 5. Qb3 Bxf3 6. gxf3 Rb8 7. cxd5 Nxd5 8. a4 e6 9. Nc3 Bb4 10. Bd3 Na5
11. Qc2 a6 12. Kf1 Qh4 13. Nxd5 Qh3+ 14. Ke2 exd5 15. Rg1 g6 16. Qxc7 O-O 17. Rg3 Rbc8 18. Qe5 Qe6 19. Ra2 Qxe5 20. dxe5 Rxc1
21. f4 Re1+ 22. Kf3 Nb3 23. f5 Nc1 24. fxg6 fxg6+ 25. Kg2 Nxd3 26. Rg5 Rxf2+
0-1

[Event "Tournament  Mega Chess"]
[Site "SchemingMind.com"]
[Date "2007.10.12"]
[Round "-"]
[White "Zugzwang"]
[Black "Lazaro"]
[Result "1-0"]
[WhiteCountry "CAN"]
[BlackCountry "CUB"]
[WhiteElo "1441"]
[WhiteRD "60"]
[BlackElo "1874"]
[BlackRD "51"]
[GameID "124128"]

1. d4 d5 2. Nf3 Nf6 3. e3 g6 4. Bd3 Bg7 5. b3 O-O 6. O-O c6 7. Bb2 Nbd7 8. Nbd2 Re8 9. Qe2 Qc7 10. h3 b6
11. Ng5 h6 12. Ngf3 Bb7 13. e4 dxe4 14. Nxe4 Nxe4 15. Bxe4
1-0

[Event "Tournament  Mega Chess"]
[Site "SchemingMind.com"]
[Date "2007.10.10"]
[Round "-"]
[White "Zugzwang"]
[Black "Archon"]
[Result "0-1"]
[WhiteCountry "CAN"]
[BlackCountry "CAN"]
[WhiteElo "1416"]
[WhiteRD "62"]
[BlackElo "1753"]
[BlackRD "50"]
[GameID "124129"]

1. d4 d6 2. e4 Nf6 3. Nd2 e5 4. Ngf3 exd4 5. Nxd4 g6 6. b3 Bg7 7. Bb2 O-O 8. Bd3 Nc6 9. O-O Ne5 10. f4 Nxd3
11. cxd3 Bg4 12. N4f3 Qd7 13. Qc2 Bxf3 14. Nxf3 Rfe8 15. Rac1 Nh5 16. Bxg7 Kxg7 17. Ng5 c6 18. f5 Rf8 19. Qc3+ Nf6 20. fxg6 fxg6
21. Rc2 Qg4 22. Nh3 Rae8 23. Nf2 Qe6 24. d4 Kg8 25. Re1 Nd7 26. Rce2 Qf7 27. Ng4 Qg7 28. e5 dxe5 29. Nxe5 Nxe5 30. Rxe5 Qd7
31. Rxe8 Rxe8 32. Rxe8+ Qxe8 33. h3 Qe4 34. Qc4+ Kg7 35. d5 Qxd5 36. Qxd5 cxd5 37. Kf2 Kf6 38. Ke3 Ke5 39. g3 h6 40. a4 a5
41. h4= d4+ 42. Kd3 Kd5 43. g4 b6 44. h5 g5
0-1

[Event "Tournament  Mega Chess"]
[Site "SchemingMind.com"]
[Date "2007.10.10"]
[Round "-"]
[White "Zugzwang"]
[Black "ekulrac"]
[Result "0-1"]
[WhiteCountry "CAN"]
[BlackCountry "SCO"]
[WhiteElo "1400"]
[WhiteRD "65"]
[BlackElo "1670"]
[BlackRD "56"]
[GameID "124130"]

1. d4 e6 2. e4 c5 3. Nf3 d5 4. e5 Nc6 5. Bb5 a6 6. Bxc6+ bxc6 7. O-O Qb6 8. b3 a5 9. c4 Ba6 10. Nbd2 cxd4
11. Qc2 Nh6 12. Bb2 Bc5 13. Rad1 Nf5 14. a3 Ne3 15. fxe3 dxe3 16. Nb1 e2+
0-1

[Event "Tournament  Mega Chess"]
[Site "SchemingMind.com"]
[Date "2007.10.10"]
[Round "-"]
[White "Zugzwang"]
[Black "piersja"]
[Result "1-0"]
[WhiteCountry "CAN"]
[BlackCountry "GBR"]
[WhiteElo "1441"]
[WhiteRD "60"]
[BlackElo "1424"]
[BlackRD "106"]
[GameID "124131"]

1. d4 Nc6 2. d5 Ne5 3. f4 Ng6 4. e4 e5 5. f5 Qh4+ 6. Kd2 Nf4 7. g3 Qe7 8. gxf4 Qb4+ 9. Nc3 Nf6 10. Bd3 Nxe4+
11. Bxe4 Qd4+ 12. Ke1 Qe3+ 13. Bxe3 b6 14. fxe5 Bb4 15. Qg4 Ba6 16. Qxg7 O-O-O 17. Qxf7 h5 18. e6 d6 19. f6 Bb5 20. e7 Rde8
21. Qe6+
1-0

[Event "Tournament  Mega Chess"]
[Site "SchemingMind.com"]
[Date "2007.10.11"]
[Round "-"]
[White "Zugzwang"]
[Black "ctrl-reset"]
[Result "1-0"]
[WhiteCountry "CAN"]
[BlackCountry "MAS"]
[WhiteElo "1466"]
[WhiteRD "63"]
[BlackElo "1507"]
[BlackRD "97"]
[GameID "124132"]

1. d4 d5 2. Nf3 Nc6 3. e3 Nf6 4. Bd3 Bg4 5. c4 e5 6. dxe5 Nxe5 7. Qb3 dxc4 8. Bxc4 Nxc4 9. Qxc4 Be6 10. Qb5+ Nd7
11. Qxb7 Rb8 12. Qxa7 Bb4+ 13. Bd2 Bxd2+ 14. Nbxd2 O-O 15. O-O Nb6 16. e4 Bg4 17. Rad1 Qe7 18. h3 Bh5 19. Rc1 Rfc8 20. Rc3 f6
21. Rfc1 Bxf3 22. Nxf3 Ra8 23. Qb7 Rab8 24. Qc6 Na8 25. Qd5+ Kh8 26. b3 h6 27. Nh4 Qe8 28. f4 Rb5 29. Qc6 Qxc6 30. Rxc6 Rb7
31. Nf5 Re8 32. R1c4 Kg8 33. R6c5 Kh7 34. g4 g6 35. Ne3 f5 36. gxf5 gxf5 37. Nxf5 Nb6 38. Rxc7+ Rxc7 39. Rxc7+ Kg6 40. Nd6 Rf8
41. f5+ Kf6 42. Rc6 Nd7 43. a4
1-0

[Event "Tournament  Mega Chess"]
[Site "SchemingMind.com"]
[Date "2007.10.11"]
[Round "-"]
[White "Dr_Pat"]
[Black "Zugzwang"]
[Result "0-1"]
[WhiteCountry "USA"]
[BlackCountry "CAN"]
[WhiteElo "1497"]
[WhiteRD "44"]
[BlackElo "1416"]
[BlackRD "62"]
[GameID "124133"]

1. d4 f5 2. Nf3 Nf6 3. Bg5 e6 4. e3 d5 5. Bd3 c6 6. O-O Bd6 7. Nc3 O-O 8. h3 Bd7 9. Ne5 Be8 10. Bxf6 Rxf6
11. Ne2 Bh5 12. Qd2 Nd7 13. Nxd7 Qxd7 14. a3 Rg6 15. Ng3 Rg5 16. Nxh5 Rxh5 17. Qe2 Qf7 18. b3 Qg6 19. c4 Rxh3 20. g3 Qh6
0-1

[Event "Tournament  Mega Chess"]
[Site "SchemingMind.com"]
[Date "2007.10.11"]
[Round "-"]
[White "Negrito19"]
[Black "Zugzwang"]
[Result "1-0"]
[WhiteCountry "ARG"]
[BlackCountry "CAN"]
[WhiteElo "1634"]
[WhiteRD "66"]
[BlackElo "1400"]
[BlackRD "65"]
[GameID "124134"]

1. e4 e5 2. Nf3 Nf6 3. Nxe5 d6 4. Nc4 Nxe4 5. d3 Nf6 6. Bg5 Be6 7. Qf3 Qe7 8. Nc3 c5 9. Bxf6 Qxf6 10. Qxb7 Be7
11. Qxa8 O-O 12. Ne4 Qf4 13. Ne3 a6 14. b3 Qe5 15. c3 Rc8 16. Qb7
1-0

[Event "Tournament  Mega Chess"]
[Site "SchemingMind.com"]
[Date "2007.10.13"]
[Round "-"]
[White "Lazaro"]
[Black "Zugzwang"]
[Result "0-1"]
[WhiteCountry "CUB"]
[BlackCountry "CAN"]
[WhiteElo "1507"]
[WhiteRD "47"]
[BlackElo "1522"]
[BlackRD "64"]
[GameID "124135"]

1. e4 e5 2. Nf3 Nf6 3. Nxe5 d6 4. Nf3 Nxe4 5. Nc3 Qe7 6. Nxe4 Qxe4+ 7. Be2 Be7 8. O-O O-O 9. Re1 Be6 10. b3 Qg6
11. Bb2 Bh3 12. Bf1 Nc6 13. b4 Rae8 14. a3 d5 15. Kh1 Bg4 16. d3 Bd6 17. Rxe8 Rxe8 18. h3 Qh5 19. Be2 Ne5 20. Nxe5 Bxe2
21. Qd2 Bxe5 22. Bxe5 Qxe5 23. Re1 h6
0-1

[Event "Tournament  Mega Chess"]
[Site "SchemingMind.com"]
[Date "2007.10.11"]
[Round "-"]
[White "Archon"]
[Black "Zugzwang"]
[Result "1-0"]
[WhiteCountry "CAN"]
[BlackCountry "CAN"]
[WhiteElo "1753"]
[WhiteRD "50"]
[BlackElo "1416"]
[BlackRD "62"]
[GameID "124136"]

1. Nf3 Nf6 2. g3 b5 3. Bg2 Bb7 4. Na3 b4 5. Nb1 e6 6. O-O d5 7. c3 Nc6 8. cxb4 Bxb4 9. b3 Bd6 10. Bb2 O-O
11. d3 Re8 12. Nbd2 e5 13. Rc1 a5 14. Rc2 Nb4 15. Bc3 Nxc2 16. Qxc2 c5 17. Qc1 e4 18. dxe4 dxe4 19. Nh4 Rc8 20. Qa1 Ba6
21. Re1 c4 22. bxc4 Bxc4 23. Nf5 Rc5 24. Nxd6 Qxd6 25. Bxf6 Qxf6 26. Qxf6 gxf6 27. Nxe4 Rf5 28. Nd6 Bxa2 29. Nxf5 Re5 30. Ne3 a4
31. Ra1 Bb3 32. Bc6 Ra5 33. Ra3 Ra6 34. Bd5 Bxd5 35. Nxd5 Rd6 36. Nc3 Rd2 37. Rxa4 Kg7 38. Rg4+ Kh6 39. h4 Rc2 40. Ne4 f5
41. Rg5 fxe4 42. e3 f6 43. Rg8 f5 44. Rg5 Rc5 45. g4 Rc1+ 46. Kg2 fxg4 47. Rxg4 Rc4 48. f3 Rc3 49. Rxe4 Rc6 50. Rg4 Rg6
51. Rxg6+ hxg6 52. Kg3 g5 53. hxg5+ Kxg5 54. e4 Kf6 55. f4
1-0

[Event "Tournament  Mega Chess"]
[Site "SchemingMind.com"]
[Date "2007.10.10"]
[Round "-"]
[White "ekulrac"]
[Black "Zugzwang"]
[Result "1-0"]
[WhiteCountry "SCO"]
[BlackCountry "CAN"]
[WhiteElo "1670"]
[WhiteRD "56"]
[BlackElo "1400"]
[BlackRD "65"]
[GameID "124137"]

1. e4 e5 2. Nf3 Nf6 3. Nxe5 d6 4. Nf3 Nxe4 5. Be2 Be7 6. O-O O-O 7. d3 Nf6 8. Nc3 c5 9. d4 Nc6 10. d5 Ne5
11. Bf4 Qb6 12. Bxe5 dxe5 13. Nxe5 Qxb2 14. Qd2 Ne4 15. Nxe4 Qxe5 16. Bf3 Bf5 17. Ng3 Rfd8 18. Nxf5 Qxf5 19. c4 Rd6 20. Rfe1 Bg5
21. Qa5 b6 22. Qxa7 Qc8 23. Bg4 Qf8 24. Qb7 Ra4 25. Bd7 Be7 26. Bxa4
1-0

[Event "Tournament  Mega Chess"]
[Site "SchemingMind.com"]
[Date "2007.10.10"]
[Round "-"]
[White "piersja"]
[Black "Zugzwang"]
[Result "0-1"]
[WhiteCountry "GBR"]
[BlackCountry "CAN"]
[WhiteElo "1348"]
[WhiteRD "95"]
[BlackElo "1466"]
[BlackRD "63"]
[GameID "124138"]

1. Nf3 Nf6 2. d4 d5 3. e3 Ne4 4. Nc3 Nxc3 5. bxc3 c5 6. Bb5+ Bd7 7. a4 e6 8. O-O Bxb5 9. axb5 c4 10. Ba3 Bxa3
11. Rxa3 O-O 12. Qb1 Nd7 13. Ne5 Nxe5 14. dxe5 b6 15. f4 Qh4 16. Qe1 Qxe1 17. Rxe1 Rfd8 18. Ra6 h6 19. h4 f5= 20. Rea1 Rd7
0-1

[Event "Tournament  Mega Chess"]
[Site "SchemingMind.com"]
[Date "2007.10.11"]
[Round "-"]
[White "ctrl-reset"]
[Black "Zugzwang"]
[Result "1-0"]
[WhiteCountry "MAS"]
[BlackCountry "CAN"]
[WhiteElo "1495"]
[WhiteRD "155"]
[BlackElo "1400"]
[BlackRD "65"]
[GameID "124139"]

1. e4 e5 2. Nf3 Nf6 3. Nc3 Bb4 4. d3 O-O 5. Be2 d6 6. Bg5 c5 7. O-O h6 8. Bh4 Nc6 9. Nd5 g5 10. Nxg5 hxg5
11. Bxg5 Nd4 12. Nxf6+ Kh8 13. c3 Nxe2+ 14. Qxe2
1-0

[Event "Tournament  Mega Chess"]
[Site "SchemingMind.com"]
[Date "2007.10.11"]
[Round "-"]
[White "Theodoric"]
[Black "Zugzwang"]
[Result "1-0"]
[WhiteCountry "ENG"]
[BlackCountry "CAN"]
[WhiteElo "1830"]
[WhiteRD "60"]
[BlackElo "1441"]
[BlackRD "60"]
[GameID "124160"]

1. e4 e5 2. Nf3 Nf6 3. d4 exd4 4. e5 Ne4 5. Qxd4 d5 6. exd6 Nxd6 7. Bd3 Nc6 8. Qf4 g6 9. O-O Bg7 10. Re1+ Be6
11. Nc3 O-O 12. Bd2 Re8 13. a3 a6 14. Ng5 b5 15. Nxe6 Rxe6 16. Rxe6 fxe6 17. Re1 Qf6 18. Qxf6 Bxf6 19. Rxe6 Bg7 20. b3 Nd4
21. Re1 Rf8 22. b4 N6f5 23. Nd5 c6 24. Nc7 Rd8 25. Bg5 Rd6 26. Nxa6 Ne6 27. Bd2 c5 28. Nxc5 Nxc5 29. bxc5 Rc6 30. Bb4 Nd4
31. Be4 Rc7 32. Bd5+
1-0

[Event "Tournament  Mega Chess"]
[Site "SchemingMind.com"]
[Date "2007.10.11"]
[Round "-"]
[White "Theodoric"]
[Black "Dr_Pat"]
[Result "1-0"]
[WhiteCountry "ENG"]
[BlackCountry "USA"]
[WhiteElo "1850"]
[WhiteRD "58"]
[BlackElo "1497"]
[BlackRD "44"]
[GameID "124161"]

1. e4 c5 2. c3 Nc6 3. Nf3 d5 4. exd5 Qxd5 5. Be2 Nf6 6. O-O e6 7. d4 Be7 8. Be3 Ng4 9. c4 Qd8 10. h3 Nf6
11. Nc3 O-O 12. dxc5 Qxd1 13. Raxd1 Nb4 14. Rd2 Bd7 15. Rfd1 Bc6 16. a3 Na6 17. b4 Nc7 18. Ne5 Rad8 19. Rxd8 Rxd8 20. Rxd8+ Bxd8
21. b5 Be8 22. b6 axb6 23. cxb6 Na8 24. c5 Nd7 25. Nxd7 Bxd7 26. Bf3
1-0

[Event "Tournament  Mega Chess"]
[Site "SchemingMind.com"]
[Date "2007.10.12"]
[Round "-"]
[White "Theodoric"]
[Black "Lazaro"]
[Result "1-0"]
[WhiteCountry "ENG"]
[BlackCountry "CUB"]
[WhiteElo "1830"]
[WhiteRD "60"]
[BlackElo "1874"]
[BlackRD "51"]
[GameID "124163"]

1. e4 c5 2. c3 d5 3. exd5 Qxd5 4. d4 Nc6 5. Nf3 Bg4 6. Be2 e6 7. c4 Qd8 8. d5 exd5 9. Ng5 Qe7 10. f3 Bf5
11. O-O O-O-O 12. cxd5
1-0

[Event "Tournament  Mega Chess"]
[Site "SchemingMind.com"]
[Date "2007.10.11"]
[Round "-"]
[White "Theodoric"]
[Black "Archon"]
[Result "1-0"]
[WhiteCountry "ENG"]
[BlackCountry "CAN"]
[WhiteElo "1830"]
[WhiteRD "60"]
[BlackElo "1774"]
[BlackRD "50"]
[GameID "124164"]

1. e4 d6 2. d4 Nf6 3. Nc3 g6 4. Bg5 Bg7 5. Qd2 h6 6. Bf4 g5 7. Bg3 Nh5 8. O-O-O Nc6 9. Bb5 Bd7 10. Bxc6 Bxc6
11. d5 Bd7 12. Nge2 e5 13. f3 Nf4 14. Nxf4 exf4 15. Bf2 Kf8 16. Bd4 b5 17. Bxg7+ Kxg7 18. Ne2 a5 19. Qd4+ Kg8 20. g3 fxg3
21. Nxg3 f6 22. Nh5 Kf7 23. h3 Kg6 24. Ng3 Re8 25. Qd3 Kf7 26. e5 Rxe5 27. Qh7+ Ke8 28. Qg8+ Ke7 29. Qg7+ Ke8 30. h4 Qe7
31. Qxh6 c6 32. Ne4 Rxe4 33. fxe4 Kd8 34. dxc6 Bxc6 35. hxg5 fxg5 36. Rxd6+
1-0

[Event "Tournament  Mega Chess"]
[Site "SchemingMind.com"]
[Date "2007.10.11"]
[Round "-"]
[White "Theodoric"]
[Black "ekulrac"]
[Result "0-1"]
[WhiteCountry "ENG"]
[BlackCountry "SCO"]
[WhiteElo "1850"]
[WhiteRD "58"]
[BlackElo "1709"]
[BlackRD "60"]
[GameID "124165"]

1. e4 Nc6 2. d4 e5 3. dxe5 Nxe5 4. f4 Ng6 5. Be3 d6 6. Nc3 Nf6 7. Be2 Nh4 8. Bf3 Nxf3+ 9. gxf3 Be7 10. Qd2 Bd7
11. O-O-O Nh5 12. f5 c6 13. Nge2 Qa5 14. Kb1 Nf6 15. Bg5 O-O-O 16. Nd4 h6 17. Nb3 Qc7 18. Bf4 Be8 19. Qe3 Kb8 20. Nc5 Qb6
21. Rd2 Nh5 22. N3a4 Qa5 23. Qb3 b5 24. Nd3 Nxf4 25. Rhd1 Nxd3 26. cxd3 Qxa4
0-1

[Event "Tournament  Mega Chess"]
[Site "SchemingMind.com"]
[Date "2007.10.11"]
[Round "-"]
[White "Theodoric"]
[Black "piersja"]
[Result "1-0"]
[WhiteCountry "ENG"]
[BlackCountry "GBR"]
[WhiteElo "1828"]
[WhiteRD "57"]
[BlackElo "1577"]
[BlackRD "125"]
[GameID "124166"]

1. e4 e5 2. Nf3 Nc6 3. Bc4 Nf6 4. Ng5 Bc5 5. d4 exd4 6. Bxf7+ Kf8 7. Bb3 Nxe4 8. Nxe4 Bb4+ 9. c3 Ba5 10. Qf3+ Ke8
11. Qf7#
1-0

[Event "Tournament  Mega Chess"]
[Site "SchemingMind.com"]
[Date "2007.10.11"]
[Round "-"]
[White "Theodoric"]
[Black "ctrl-reset"]
[Result "1-0"]
[WhiteCountry "ENG"]
[BlackCountry "MAS"]
[WhiteElo "1828"]
[WhiteRD "57"]
[BlackElo "1495"]
[BlackRD "155"]
[GameID "124167"]

1. e4 e5 2. Nf3 Nc6 3. Bc4 Nf6 4. Ng5 d5 5. exd5 Nxd5 6. Nxf7 Kxf7 7. Qf3+ Ke6 8. Nc3 Ne7 9. d4 Qd6 10. Qe4 Kd7
11. Nxd5 Nxd5 12. dxe5
1-0

[Event "Tournament  Mega Chess"]
[Site "SchemingMind.com"]
[Date "2007.10.11"]
[Round "-"]
[White "Zugzwang"]
[Black "Theodoric"]
[Result "0-1"]
[WhiteCountry "CAN"]
[BlackCountry "ENG"]
[WhiteElo "1416"]
[WhiteRD "62"]
[BlackElo "1850"]
[BlackRD "58"]
[GameID "124168"]

1. d4 Nf6 2. Nf3 b6 3. e3 c5 4. b3 e6 5. Bb2 d5 6. Bd3 Bd6 7. O-O O-O 8. Nbd2 Nc6 9. Qe2 Nb4 10. e4 dxe4
11. Nxe4 Nxd3 12. Qxd3 Nxe4 13. Qxe4 Rb8 14. c4 Bb7 15. Qg4 Re8 16. d5 e5 17. Rfe1 Bc8 18. Qg3 f6 19. Re3 e4
0-1

[Event "Tournament  Mega Chess"]
[Site "SchemingMind.com"]
[Date "2007.10.11"]
[Round "-"]
[White "Dr_Pat"]
[Black "Theodoric"]
[Result "0-1"]
[WhiteCountry "USA"]
[BlackCountry "ENG"]
[WhiteElo "1497"]
[WhiteRD "44"]
[BlackElo "1850"]
[BlackRD "58"]
[GameID "124169"]

1. d4 Nf6 2. c4 c5 3. d5 e6 4. Nc3 exd5 5. cxd5 d6 6. e4 g6 7. Nf3 Bg7 8. Be2 O-O 9. O-O Nbd7 10. Bg5 a6
11. Qd2 Qc7 12. Rac1 Re8 13. b3 Nxe4 14. Nxe4 Rxe4 15. Rc4 Rxc4 16. bxc4 Nf6 17. Bxf6 Bxf6 18. Re1 Bf5 19. Bd3 Bxd3 20. Qxd3 Kf8
21. g3 Qa5 22. a3 Qa4 23. Rb1 Qd7 24. h4 Rb8 25. Qe3 Bg7 26. Ng5 Kg8 27. Qf4 Be5
0-1

[Event "Tournament  Mega Chess"]
[Site "SchemingMind.com"]
[Date "2007.10.11"]
[Round "-"]
[White "Negrito19"]
[Black "Theodoric"]
[Result "1/2-1/2"]
[WhiteCountry "ARG"]
[BlackCountry "ENG"]
[WhiteElo "1638"]
[WhiteRD "65"]
[BlackElo "1830"]
[BlackRD "60"]
[GameID "124170"]

1. e4 e6 2. Nf3 d5 3. exd5 exd5 4. d4 Nf6 5. Bg5 Be7 6. Nc3 O-O 7. Bd3 Re8 8. O-O Nc6 9. h3 h6 10. Bh4 Nh7
11. Bxh7+ Kxh7 12. Qd3+ Kg8 13. Bxe7 Rxe7 14. a3 Be6 15. b4 Qc8 16. Ne5 Nxe5 17. dxe5 c6 18. f4 Bf5 19. Qf3 Bxc2 20. Ra2 Bh7
21. Rc1= Qe6 22. Rd2= Rd8 23. Ne2= Be4 24. Qf2 a6 25. Nd4 Qd7 26. Qg3 Bf5 27. Re1=
1/2-1/2

[Event "Tournament  Mega Chess"]
[Site "SchemingMind.com"]
[Date "2007.10.13"]
[Round "-"]
[White "Lazaro"]
[Black "Theodoric"]
[Result "0-1"]
[WhiteCountry "CUB"]
[BlackCountry "ENG"]
[WhiteElo "1507"]
[WhiteRD "47"]
[BlackElo "1875"]
[BlackRD "59"]
[GameID "124171"]

1. e4 e6 2. d4 d5 3. exd5 exd5 4. Nf3 Nf6 5. Bd3 Nc6 6. O-O Be7 7. Bg5 O-O 8. Nbd2 h6 9. Bh4 Be6 10. c3 Bg4
11. Qc2 Qd7 12. Rfe1 Rfe8 13. h3 Be6 14. Ne5 Nxe5 15. dxe5 Nh5 16. Bxe7 Rxe7 17. c4 Nf4 18. cxd5 Bxd5 19. Bf1 Rae8 20. Qc3 Re6
21. Qd4 Ng6 22. Nc4 Bc6 23. Qxa7 Nh4 24. Red1 Qe7
0-1

[Event "Tournament  Mega Chess"]
[Site "SchemingMind.com"]
[Date "2007.10.11"]
[Round "-"]
[White "Archon"]
[Black "Theodoric"]
[Result "1-0"]
[WhiteCountry "CAN"]
[BlackCountry "ENG"]
[WhiteElo "1753"]
[WhiteRD "50"]
[BlackElo "1850"]
[BlackRD "58"]
[GameID "124172"]

1. Nf3 d6 2. d4 Bg4 3. e4 Nf6 4. Nbd2 e5 5. c3 Be7 6. h3 Bxf3 7. Qxf3 O-O 8. Bc4 Nbd7 9. Nf1 Nb6 10. Bb3 Rc8
11. Be3 c5 12. Ng3 c4 13. Bc2 Nbd7 14. Nf5 Kh8 15. h4 Ng8 16. h5 Nb6 17. Qg3 Bf6 18. h6 g6 19. Ng7 Nxh6 20. Bxh6 Bxg7
21. Qh3 Rg8 22. Bg5
1-0

[Event "Tournament  Mega Chess"]
[Site "SchemingMind.com"]
[Date "2007.10.11"]
[Round "-"]
[White "ekulrac"]
[Black "Theodoric"]
[Result "1-0"]
[WhiteCountry "SCO"]
[BlackCountry "ENG"]
[WhiteElo "1761"]
[WhiteRD "62"]
[BlackElo "1830"]
[BlackRD "60"]
[GameID "124173"]

1. e4 e6 2. d4 d5 3. Nd2 Nc6 4. c3 e5 5. Bb5 exd4 6. cxd4 dxe4 7. Nxe4 Bd7 8. Nc3 Bb4 9. Nf3 Nf6 10. O-O O-O
11. a3 Bxc3 12. bxc3 a6 13. Bd3 Re8 14. h3 Nd5 15. c4 Nb6 16. Bb2 Ne7 17. Qc2 g6 18. d5 Kf8 19. Qc3 Ng8 20. Rfe1 f6
21. Ng5 Kg7 22. Be4 Na4 23. Qd4 Nxb2 24. Qxb2 Rb8 25. Rad1 b5 26. c5 Bc8 27. d6 cxd6 28. cxd6 Bd7 29. Bd5 Rxe1+ 30. Rxe1 Bf5
31. Bxg8 Qxg8 32. Re7+ Kh6 33. Rxh7+ Qxh7 34. Nxh7 Kxh7 35. Qxf6
1-0

[Event "Tournament  Mega Chess"]
[Site "SchemingMind.com"]
[Date "2007.10.11"]
[Round "-"]
[White "piersja"]
[Black "Theodoric"]
[Result "0-1"]
[WhiteCountry "GBR"]
[BlackCountry "ENG"]
[WhiteElo "1348"]
[WhiteRD "95"]
[BlackElo "1834"]
[BlackRD "59"]
[GameID "124174"]

1. d4 Nf6 2. c4 c5 3. d5 e6 4. Bg5 d6 5. Nc3 Be7 6. Nf3 O-O 7. Qd2 Nfd7 8. O-O-O Bxg5 9. Nxg5 e5 10. Nge4 Nf6
11. h4 Nxe4 12. Nxe4 Bf5 13. Ng5 h6 14. Nf3 Na6
0-1

[Event "Tournament  Mega Chess"]
[Site "SchemingMind.com"]
[Date "2007.10.11"]
[Round "-"]
[White "ctrl-reset"]
[Black "Theodoric"]
[Result "0-1"]
[WhiteCountry "MAS"]
[BlackCountry "ENG"]
[WhiteElo "1507"]
[WhiteRD "97"]
[BlackElo "1834"]
[BlackRD "59"]
[GameID "124175"]

1. e4 e6 2. d4 d5 3. exd5 exd5 4. Nf3 Nf6 5. Be2 Be7 6. Nc3 O-O 7. O-O c6 8. Re1 Be6 9. Bd3 Nbd7 10. Ne5 Re8
11. Bd2 Qc7 12. Qf3 Nxe5 13. dxe5 Ne4 14. Nxe4 dxe4 15. Bxe4 Rad8 16. Rad1 Qc8 17. Qh5 g6 18. Qe2 Bg4 19. Bf3 Be6 20. Be4 Qc7
21. g3 Qxe5 22. Bc3 Qc7 23. Bg2 Rxd1 24. Rxd1 Rd8
0-1

[Event "Tournament  Mega Chess"]
[Site "SchemingMind.com"]
[Date "2007.10.11"]
[Round "-"]
[White "tsangal"]
[Black "Dr_Pat"]
[Result "1-0"]
[WhiteCountry "CAN"]
[BlackCountry "USA"]
[WhiteElo "1998"]
[WhiteRD "140"]
[BlackElo "1497"]
[BlackRD "44"]
[GameID "124201"]

1. e4 c5 2. Nc3 Nc6 3. f4 e6 4. Nf3 Be7 5. Bc4 Nf6 6. e5 Ng4 7. O-O O-O 8. d3 Nd4 9. Nxd4 cxd4 10. Qxg4 dxc3
11. bxc3 Qa5 12. Bd2 b5 13. Bb3 d6 14. exd6 Bxd6 15. Rae1
1-0